| 000 | 00560nam a2200181 4500 | ||
|---|---|---|---|
| 001 | 122101 | ||
| 003 | ES-MaACL | ||
| 007 | t| | ||
| 008 | 070214s1951 sp r ||||1| spa d | ||
| 100 | 1 |
_aPotter, Basil. _993392 |
|
| 245 | 1 | 0 |
_aInglés para españoles _b: cursos elemental y medio / _cBasil Potter ; prólogo de Walter Starkie. |
| 250 | _a4ª. ed. | ||
| 260 |
_aBarcelona : _bJuventud, _c1951. |
||
| 300 |
_a2 v. : _bil. ; _c22 cm. |
||
| 700 | 1 |
_aStarkie, Walter, _d1894-1976 _9107933 |
|
| 852 |
_aES-MaACL _jE-1570-1 _bR.34772 |
||
| 999 |
_c122101 _d122101 |
||